000 00346nam a2200145Ia 4500
008 191201s2006 xx 000 0 und d
082 _a303.3
_bHUL
100 _aHUGHES,Ginnett
245 0 _aLeadership Enhancing the Lessons of Experience
250 _a5th
260 _aN.Delhi
_bTMH
_c2006
300 _a592
650 _aMBA
942 _2ddc
_cBK
999 _c3094
_d3094